000 00298nam a22001337a 4500
008 170922b xxu||||| |||| 00| 0 eng d
020 _a0943202621
041 _aeng
080 _a37
100 _a46
101 _aEDU
245 _aIMPROVING STUDENT LEARNING SKILLS
_cMAXWELL,M
942 _2udc
_cBK
999 _c29139
_d29139